| 000 | 01050nam a2200301Ia 4500 | ||
|---|---|---|---|
| 005 | 20220317001824.0 | ||
| 008 | 170410s2015 s a g 000 0 s | ||
| 020 | _a9788433973436 | ||
| 041 | _aspa | ||
| 082 | 0 | 4 |
_a570.1 _bC16t |
| 100 | 1 |
_aCapra, Fritjof _d1966- |
|
| 245 | 1 | 3 |
_aLa trama de la vida _buna nueva perspectiva de los sistemas vivos _cFritjof Capra ; traducción de David Sempau |
| 250 | _a4a. edición | ||
| 300 |
_a359 páginas _bilustraciones, gráficos en blanco y negro _c21 cm |
||
| 490 | _aCompactos | ||
| 500 | _aIncluye datos biográficos del autor | ||
| 504 | _aIncluye bibliografía e índice temático | ||
| 650 | 1 | 4 |
_2LEMB _aCiencia _vAspectos morales y éticos |
| 650 | 1 | 4 |
_2LEMB _aCiencia _vAspectos sociales |
| 650 | 1 | 4 |
_2LEMB _aCiencia _vInvestigaciones |
| 700 | 1 |
_aSempau, David _977525 |
|
| 942 |
_2ddc _cBK |
||
| 264 |
_aBarcelona _bAnagrama _c2015 |
||
| 336 |
_atexto _btxt _2rdacontent |
||
| 337 |
_asin mediación _bn _2rdamedia |
||
| 338 |
_avolumen _bnc _2rdacarrier |
||
| 040 |
_aCO-BoRNBP _bspa _erda _cCO-BoRNBP |
||
| 999 |
_c8212 _d8212 |
||